О возделывании хлопка в Северо-Американских Соединенных Штатах (Запись № 5360598)

Подробности
000 -МАРКЕР
контрольное поле 01645nam0a22003011 4500
001 - ИДЕНТИФИКАТОР ЗАПИСИ
контрольное поле v19\rc\1391267
005 - ИДЕНТИФИКАТОР ВЕРСИИ
контрольное поле 20260406092332.0
035 ## - ДРУГИЕ СИСТЕМНЫЕ НОМЕРА
Идентификатор записи (NLR Aleph) 005206182
100 ## - ДАННЫЕ ОБЩЕЙ ОБРАБОТКИ
Данные общей обработки 20060512d1871 |||y0rusy50 ca
101 1# - ЯЗЫК РЕСУРСА
Язык текста, звукозаписи и т.д. русский
Язык оригинала английский
102 ## - СТРАНА ПУБЛИКАЦИИ ИЛИ ПРОИЗВОДСТВА
Страна публикации Российская Федерация
105 ## - ПОЛЕ КОДИРОВАННЫХ ДАННЫХ: ТЕКСТОВЫЕ МАТЕРИАЛЫ, МОНОГРАФИЧЕСКИЕ
Кодированные данные о монографическом текстовом документе ab z |||||
200 1# - ЗАГЛАВИЕ И СВЕДЕНИЯ ОБ ОТВЕТСТВЕННОСТИ
Основное заглавие О возделывании хлопка в Северо-Американских Соединенных Штатах
Первые сведения об ответственности Соч. Иосифа Лаймана
Последующие сведения об ответственности Пер. с англ. К.А. Тимирязева
210 ## - ПУБЛИКАЦИЯ, РАСПРОСТРАНЕНИЕ И ДР.
Место издания, распространения и т.д. Санкт-Петербург
Имя издателя, распространителя и т. д. тип. т-ва "Обществ. польза"
Дата издания, распространения и т.д. 1871
215 ## - ФИЗИЧЕСКАЯ ХАРАКТЕРИСТИКА
Специфическое обозначение материала и объем [2], VIII, 200 с., 1 л. карт.
Другие сведения о физической характеристике ил.
Размеры 18
327 0# - ПРИМЕЧАНИЯ О СОДЕРЖАНИИ
Текст примечания С. 189-200: Семя хлопчатника, масло из него и жмыхи / Сост. Д.Р. Сайфером
464 #0 - АНАЛИТИЧЕСКИЙ УРОВЕНЬ
Встроенное поле 2001#$aСемя хлопчатника, масло из него и жмыхи$fСост. Д.Р. Сайфером
-- 215##$aС. 189-200
-- 700#1$aСайфер$bД.Р.$4220
Заглавие Семя хлопчатника, масло из него и жмыхи
Автор Сайфер, Д.Р.
700 #1 - ИМЯ ЛИЦА - ПЕРВИЧНАЯ ОТВЕТСТВЕННОСТЬ
Графика поля Кириллица
Материалы, к которым относится поле rus
Начальный элемент ввода Лайман
Часть имени, кроме начального элемента ввода Д. Б.
Даты 1829-1912
Расширение инициалов личного имени Джозеф Бардвел
Системный номер авторитетной/нормативной записи 58524
Идентификатор авторитетной/нормативной записи RU\NLR\AUTH\7775596
702 #1 - ИМЯ ЛИЦА - ВТОРИЧНАЯ ОТВЕТСТВЕННОСТЬ
Код отношения Переводчик
Графика поля Кириллица
Материалы, к которым относится поле rus
Начальный элемент ввода Тимирязев
Часть имени, кроме начального элемента ввода К. А.
Даты 1843-1920
Расширение инициалов личного имени Климент Аркадьевич
Системный номер авторитетной/нормативной записи 45994
Идентификатор авторитетной/нормативной записи RU\NLR\AUTH\7763064
790 #1 - ИМЯ ЛИЦА - АЛЬТЕРНАТИВНАЯ ФОРМА
Системный номер авторитетной/нормативной записи z01700
Начальный элемент ввода Лайман
Часть имени, кроме начального элемента ввода И.
Даты 1829-1912
Расширение инициалов личного имени Иосиф
801 #0 - ИСТОЧНИК ЗАПИСИ
Страна Российская Федерация
Организация NLR
Дата составления 20060512
Правила каталогизации psbo
801 #0 - ИСТОЧНИК ЗАПИСИ
Страна Российская Федерация
Организация RuMoRGB
Дата составления 20060512
Источник данных psbo
801 #1 - ИСТОЧНИК ЗАПИСИ
Страна Российская Федерация
Организация ProSoft-M
Дата составления 20060512
Источник данных rusmarc
801 #2 - ИСТОЧНИК ЗАПИСИ
Страна Российская Федерация
Организация NLR
Дата составления 20090408
Источник данных rusmarc
852 ## - МЕСТОНАХОЖДЕНИЕ И ШИФР ХРАНЕНИЯ
Идентификатор организации NLR
Шифр хранения (Call Number) 18.40.7.58
942 ## - ДОПОЛНИТЕЛЬНЫЕ ЭЛЕМЕНТЫ ЗАПИСИ (АБИС)
Тип экземпляра АБИС Книга
980 ## - КОЛЛЕКЦИЯ
Название коллекции Национальная библиография
Экземпляры
Тип экземпляра Дата поступления Библиотека постоянного хранения Библиотека текущего хранения Место хранения Шифр хранения Штрих-код Статус экземпляра
Книга 26.10.2013 РНБ (Садовая) РНБ (Садовая) Русский книжный фонд -Главное здание, Ленинский читальный зал 18.40.7.58 5206182-10